000 00603nam a22002057a 4500
999 _c6834
_d6834
003 OSt
005 20210322114558.0
008 210322b ||||| |||| 00| 0 eng d
020 _a0851995632
040 _cDDC
082 _a630 CRO 2002
100 _aEdited by Robin, Matthews; William, Stevens
_914010
245 _aCrop-Soil Simulation Models Applications in Developing Countries
260 _aUK; CABI Publishing, 2002
300 _axiv,277p; Ill: 24cm
504 _aReferences, & index included
650 _aCrop-soil simulation
_914011
650 _aAgriculture
_94591
942 _2z
_cO_SHELF